| 000 | 00373nam a2200157Ia 4500 | ||
|---|---|---|---|
| 008 | 210716s2004 xx 000 0 und d | ||
| 020 | _a1403924090 | ||
| 041 | _aeng | ||
| 082 | _a658.802 KAUH | ||
| 100 | _aKaushal, H. | ||
| 245 | _aCase study solutions marketing. | ||
| 250 | _a1 | ||
| 260 |
_aNew Delhi _bMacmillan _c2004 |
||
| 300 | _axiv,296 | ||
| 650 | _aMarketing | ||
| 999 |
_c201781 _d201781 |
||